Quickbooks Oneline (Record no. 36802)

MARC details
000 -LEADER
fixed length control field 00478nam a22001817a 4500
005 - DATE AND TIME OF LATEST TRANSACTION
control field 20241213143952.0
008 - FIXED-LENGTH DATA ELEMENTS--GENERAL INFORMATION
fixed length control field 241213b |||||||| |||| 00| 0 eng d
020 ## - INTERNATIONAL STANDARD BOOK NUMBER
ISBN 9781119679073
082 ## - DEWEY DECIMAL CLASSIFICATION NUMBER
Classification number 657.904
Item number RIN-Q
100 ## - MAIN ENTRY--AUTHOR
Author Name Ringstrom, H David
245 ## - TITLE STATEMENT
Title Quickbooks Oneline
Statement of responsibility, etc. Elaine Marmel
250 ## - EDITION STATEMENT
Edition statement 6th ed.
260 ## - PUBLICATION, DISTRIBUTION, ETC.
Place of Publication USA:
Name of publisher, distributor, etc. Elsevier;
Date of publication, distribution, etc. 2021.
300 ## - PHYSICAL DESCRIPTION
Pages xiv, 478 p. :
500 ## - GENERAL NOTE
General note include index.
650 ## - SUBJECT ADDED ENTRY--TOPICAL TERM
Subject / Department Computer Science
300 ## - PHYSICAL DESCRIPTION
-- ill;
-- 24 cm.
952 ## - LOCATION AND ITEM INFORMATION (KOHA)
-- 0
-- 0
Holdings
Lost status Damaged status Collection code Permanent Location Current Location Shelving Location Date acquired Full Call Number Accession No./Barcode Date last seen item type Koha item type
    CS/IT Superior Information Resource Center (SIRC) Superior University- Gold Campus Superior Information Resource Center (SIRC) Superior University- Gold Campus Computer science 12/13/2024 657.904 RIN-Q 2021 19083 12/13/2024 BOOK BOOK

Powered by Koha